Bridges: Analysis, Design, Structural Health Monitoring, and Rehabilitation (Record no. 535664)

000 -LEADER
fixed length control field 00384nam a22001457a 4500
020 ## - INTERNATIONAL STANDARD BOOK NUMBER
International Standard Book Number 978-3-319-17842-4
040 ## - CATALOGING SOURCE
Transcribing agency MSOHAIL
082 ## - DEWEY DECIMAL CLASSIFICATION NUMBER
Classification number 624.25
Author Mark BAK
100 ## - MAIN ENTRY--PERSONAL NAME
Personal name Baidar Bakht and Aftab Mufti
9 (RLIN) 30396
245 ## - TITLE STATEMENT
Title Bridges: Analysis, Design, Structural Health Monitoring, and Rehabilitation
250 ## - EDITION STATEMENT
Edition statement 2nd
260 ## - PUBLICATION, DISTRIBUTION, ETC.
Name of publisher, distributor, etc. Springer
Date of publication, distribution, etc. 2015
300 ## - PHYSICAL DESCRIPTION
Extent 425;p
942 ## - ADDED ENTRY ELEMENTS (KOHA)
Source of classification or shelving scheme
Koha item type Book
Holdings
Withdrawn status Lost status Source of classification or shelving scheme Damaged status Not for loan Permanent Location Current Location Date acquired Total Checkouts Full call number Barcode Date last seen Price effective from Koha item type
          School of Civil and Environmental Engineering (SCEE) School of Civil and Environmental Engineering (SCEE) 09/21/2020   624.25 BAK NIT-13271 09/21/2020 09/21/2020 Book
© 2023 Central Library, National University of Sciences and Technology. All Rights Reserved.